| 000 | 00397nam a2200169Ia 4500 | ||
|---|---|---|---|
| 001 | 5383 | ||
| 005 | 20250626025210.0 | ||
| 008 | 211022s9999 xx 000 0 und d | ||
| 082 | _a934 SMI | ||
| 100 | _aSmith, Vincent Arthur | ||
| 245 | 4 | _aThe Jain stupa and other antiquities of Mathura | |
| 260 | _aAllahabad | ||
| 260 | _bGovernment Press | ||
| 260 | _c1901 | ||
| 300 | _av.p | ||
| 942 | _cBK | ||
| 999 |
_c3610 _d3610 |
||